Biodiversidad de Costa Rica en cifras (Registro nro. 2108)
[ vista simple ]
| 000 -Cabecera | |
|---|---|
| Campo de control de longitud fija | 00638aam a2200265 4500 |
| 005 - Fecha y hora de la última transacción | |
| Campo de control | 20240531184007.0 |
| 008 - Elementos de longitud fija--Información general | |
| Campo de control de longitud fija | 150310b2007 xxu||||| |||| 00| 0 spa d |
| 041 ## - Idioma | |
| Código de idioma | Español |
| 082 ## - Clasificación Decimal Dewey | |
| Número de clasificación | 577 O12b |
| 100 ## - Entrada principal--Autor personal | |
| Nombre personal | Obando Acuña, Vilma |
| 245 ## - Título propiamente dicho | |
| Título | Biodiversidad de Costa Rica en cifras |
| 260 ## - Pie de imprenta | |
| Lugar de publicación, distribución, etc. | Costa Rica |
| 260 ## - Pie de imprenta | |
| Nombre del editor, distribuidor, etc. | INBio |
| 260 ## - Pie de imprenta | |
| Fecha de publicación, distribución, etc. | 2007 |
| 300 ## - Descripción física | |
| Extensión | 26 páginas |
| 500 ## - Nota general | |
| Nota general | Contiene mapas y gráficos. |
| 650 ## - Materia general | |
| Temática (materia general) | BIODIVERSIDAD |
| 650 ## - Materia general | |
| Temática (materia general) | COSTA RICA |
| 650 ## - Materia general | |
| Temática (materia general) | ESPECIES |
| 650 ## - Materia general | |
| Temática (materia general) | ENDEMISMO |
| 650 ## - Materia general | |
| Temática (materia general) | ECOSISTEMAS |
| 650 ## - Materia general | |
| Temática (materia general) | ÁREAS SILVESTRES PROTEGIDAS |
| 942 ## - Punto de acceso adicional KOHA | |
| Tipo de ítem KOHA | Libro |
| Fuente del sistema de clasificación o colocación | Dewey Decimal Classification |
| Signatura completa | Código de barras | Programa Académico | Tipo de ítem |
|---|---|---|---|
| 577 O12b | 12827 | Turismo | Libro |
| 577 O12b | 12828 | Turismo | Libro |
| 577 O12b | 13491 | Turismo | Libro |